[Event "BL2-Ost 2223"]
[Site "Germany"]
[Date "2023.03.19"]
[Round "10.4"]
[White "Renner, Christoph"]
[Black "Schmittdiel, Eckhard"]
[Result "1-0"]
[WhiteElo "2285"]
[BlackElo "2395"]
[PlyCount "109"]
[EventDate "2022.10.22"]
[EventType "team-tourn"]
[EventRounds "10"]
[EventCountry "GER"]
[SourceTitle "EXT 2024"]
[Source "ChessBase"]
[SourceDate "2023.10.10"]
[SourceVersion "1"]
[SourceVersionDate "2023.10.10"]
[SourceQuality "1"]
[WhiteTeam "Garching"]
[BlackTeam "Goeggingen"]
[WhiteTeamCountry "GER"]
[BlackTeamCountry "GER"]

1. e4 c5 2. d3 d5 3. exd5 Qxd5 4. Nf3 Nc6 5. Nc3 Qd7 6. Be3 e5 7. g3 b6 8. Bg2 Bb7 9. 0-0 Nge7 10. a4 f6 11. Nd2 Nf5 12. Nc4 Be7 13. a5 Nxe3 14. fxe3 Nxa5 15. Nxa5 bxa5 16. Bxb7 Qxb7 17. Qh5+ g6 18. Qh6 Kf7 19. Ne4 Qb6 20. Rf2 Raf8 21. Raf1 Ke8 22. c4 f5 23. Nc3 Rf7 24. Nd5 Qd6 25. e4 Rhf8 26. exf5 gxf5 27. Qxd6 Bxd6 28. Ra1 f4 29. Kg2 fxg3 30. Rxf7 Rxf7 31. hxg3 Rb7 32. Rxa5 Rxb2+ 33. Kf3 e4+ 34. dxe4 Rb3+ 35. Kg4 Rxg3+ 36. Kf5 Rg7 37. e5 Bf8 38. Rb5 Kd7 39. Rb8 Rf7+ 40. Ke4 Kc6 41. Re8 Kd7 42. Ra8 Kc6 43. Ne3 Bh6 44. Nf5 Bg5 45. Rc8+ Kb6 46. Rg8 h6 47. e6 Rh7 48. Kd5 a5 49. Rb8+ Rb7 50. Rc8 Rc7 51. Rb8+ Rb7 52. Rf8 a4 53. Nd6 Rh7 54. Rf7 Rxf7 55. exf7 1-0

[Event "BL2-Ost 2223"]
[Site "Germany"]
[Date "2023.02.05"]
[Round "6.6"]
[White "Schmittdiel, Eckhard"]
[Black "Weiss, Christian"]
[Result "1/2-1/2"]
[WhiteElo "2395"]
[BlackElo "2375"]
[PlyCount "107"]
[EventDate "2022.10.22"]
[EventType "team-tourn"]
[EventRounds "10"]
[EventCountry "GER"]
[SourceTitle "EXT 2024"]
[Source "ChessBase"]
[SourceDate "2023.10.10"]
[SourceVersion "1"]
[SourceVersionDate "2023.10.10"]
[SourceQuality "1"]
[WhiteTeam "Goeggingen"]
[BlackTeam "Passau"]
[WhiteTeamCountry "GER"]
[BlackTeamCountry "GER"]

1. c4 Nf6 2. Nc3 g6 3. e4 d6 4. h3 c5 5. g4 Nc6 6. Bg2 Bg7 7. f4 0-0 8. Nf3 Ne8 9. 0-0 Nc7 10. d3 Rb8 11. Be3 b5 12. Rb1 Ba6 13. Nd2 Nb4 14. Qe2 Nc2 15. Bf2 bxc4 16. Nxc4 Nd4 17. Qd2 e6 18. Rfd1 f5 19. exf5 gxf5 20. g5 Bb7 21. Bxd4 Bxd4+ 22. Kh1 Bxg2+ 23. Kxg2 Qd7 24. Kh2 Rbe8 25. Ne2 Bg7 26. d4 Nd5 27. dxc5 dxc5 28. Ne3 Kh8 29. Nxd5 exd5 30. Ng3 d4 31. b3 Qd5 32. Re1 Re4 33. Qg2 Rfe8 34. Rxe4 fxe4 35. Re1 d3 36. Rxe4 Rf8 37. Nf1 Qd6 38. Qd2 Qd5 39. Ng3 Rd8 40. h4 Kg8 41. Re1 c4 42. bxc4 Qxc4 43. Ne4 Qc2 44. Rc1 Qxd2+ 45. Nxd2 Bd4 46. Rd1 Be3 47. f5 h6 48. g6 Kg7 49. Kg3 Kf6 50. Kf3 Bxd2 51. Rxd2 Kxf5 52. g7 Kf6 53. g8Q Rxg8 54. Rxd3 1/2-1/2

[Event "Augsburg 35th"]
[Site "Augsburg"]
[Date "2022.12.31"]
[Round "5"]
[White "Brueckner, Thomas"]
[Black "Schmittdiel, Eckhard"]
[Result "0-1"]
[WhiteElo "2372"]
[BlackElo "2398"]
[PlyCount "84"]
[EventDate "2022.12.27"]
[EventType "tourn"]
[EventRounds "7"]
[EventCountry "GER"]
[SourceTitle "CBM 212 Extra"]
[Source "ChessBase"]
[SourceDate "2023.03.31"]
[SourceVersion "1"]
[SourceVersionDate "2023.03.31"]
[SourceQuality "1"]

1. e4 e6 2. d4 d5 3. Nc3 Nf6 4. e5 Nfd7 5. f4 c5 6. Nf3 Nc6 7. Be3 a6 8. a3 b5 9. Bd3 b4 10. axb4 Nxb4 11. 0-0 Nxd3 12. cxd3 cxd4 13. Nxd4 Bc5 14. Na4 Ba7 15. Kh1 Nb8 16. Rc1 0-0 17. Qe1 Bd7 18. Nc5 Qe8 19. Qg3 f5 20. Nb7 Bc6 21. Nd6 Qd7 22. Nb3 d4 23. Bxd4 Bd5 24. Nc5 Qe7 25. Be3 Nc6 26. Na4 Rab8 27. Bc5 Bxc5 28. Rxc5 Qa7 29. Qe3 Rb4 30. Nc3 Ne7 31. d4 Rxb2 32. Nxd5 Nxd5 33. Qf3 Qa8 34. h3 h6 35. Rfc1 Nxf4 36. Qxa8 Rxa8 37. Rf1 Nxg2 38. Rg1 Nh4 39. Rc7 g5 40. Rf1 Rab8 41. Rc8+ Rxc8 42. Nxc8 Kf7 0-1

[Event "Augsburg 35th"]
[Site "Augsburg"]
[Date "2022.12.30"]
[Round "4"]
[White "Schmittdiel, Eckhard"]
[Black "Sieglen, Joachim"]
[Result "1/2-1/2"]
[WhiteElo "2398"]
[BlackElo "2115"]
[PlyCount "117"]
[EventDate "2022.12.27"]
[EventType "tourn"]
[EventRounds "7"]
[EventCountry "GER"]
[SourceTitle "CBM 212 Extra"]
[Source "ChessBase"]
[SourceDate "2023.03.31"]
[SourceVersion "1"]
[SourceVersionDate "2023.03.31"]
[SourceQuality "1"]

1. Nf3 Nf6 2. g3 g6 3. b4 Bg7 4. Bb2 0-0 5. Bg2 d5 6. 0-0 Nbd7 7. d3 c5 8. bxc5 Nxc5 9. Nbd2 b6 10. c4 Bb7 11. a4 Rc8 12. Ra3 dxc4 13. Nxc4 Bd5 14. Ne3 Ng4 15. Nxd5 Bxb2 16. Ra2 Bg7 17. Nd2 e6 18. Nb4 Nf6 19. Nc4 Nd5 20. Nxd5 exd5 21. Ne3 d4 22. Nc4 Qd7 23. Qa1 Rc7 24. Nd2 Re8 25. Bf3 Bh6 26. Nc4 Bg7 27. Rb1 Nxa4 28. Rxa4 b5 29. Nb6 axb6 30. Rab4 Rec8 31. Kg2 Ra7 32. Qb2 Rc5 33. Rxb5 Rxb5 34. Qxb5 Qxb5 35. Rxb5 Bf6 36. Rxb6 Kg7 37. Bd5 Rd7 38. Bc4 Bg5 39. h4 Bd2 40. Kf3 h5 41. e4 dxe3 42. fxe3 Bc3 43. d4 Be1 44. Rb1 Ba5 45. Rb5 Be1 46. Bd5 Bd2 47. Ke2 Bc3 48. Bc6 Rd6 49. Rc5 Bb4 50. Rc4 Ba5 51. e4 Bb6 52. d5 Kf6 53. Rb4 Bc5 54. Rb7 Rd8 55. e5+ Kxe5 56. Rxf7 Rf8 57. Rxf8 Bxf8 58. Be8 Kf6 59. Kf3 1/2-1/2

[Event "Augsburg 35th"]
[Site "Augsburg"]
[Date "2022.12.28"]
[Round "2"]
[White "De Francesco, Klaus"]
[Black "Schmittdiel, Eckhard"]
[Result "1/2-1/2"]
[WhiteElo "2221"]
[BlackElo "2398"]
[PlyCount "51"]
[EventDate "2022.12.27"]
[EventType "tourn"]
[EventRounds "7"]
[EventCountry "GER"]
[SourceTitle "CBM 212 Extra"]
[Source "ChessBase"]
[SourceDate "2023.03.31"]
[SourceVersion "1"]
[SourceVersionDate "2023.03.31"]
[SourceQuality "1"]

1. e4 c5 2. Nc3 e6 3. f4 Nc6 4. Nf3 a6 5. d3 d5 6. g3 d4 7. Ne2 Nf6 8. h3 h5 9. Bg2 b5 10. 0-0 Bb7 11. Kh1 Qc7 12. Bd2 Be7 13. a3 0-0-0 14. Qe1 Rhf8 15. Ne5 Nd7 16. Nxc6 Qxc6 17. Qf2 f5 18. Rae1 Rde8 19. Ng1 Qc7 20. exf5 exf5 21. Re6 Bd8 22. Rfe1 Rxe6 23. Rxe6 Rf6 24. Re8 Rf8 25. Re6 Rf6 26. Re8 1/2-1/2

[Event "BL2-Ost 2223"]
[Site "Germany"]
[Date "2022.10.23"]
[Round "2.7"]
[White "Schmittdiel, Eckhard"]
[Black "Cerveny, Martin"]
[Result "1-0"]
[WhiteElo "2395"]
[BlackElo "2404"]
[PlyCount "91"]
[EventDate "2022.10.22"]
[EventType "team-tourn"]
[EventRounds "10"]
[EventCountry "GER"]
[SourceTitle "EXT 2024"]
[Source "ChessBase"]
[SourceDate "2023.10.10"]
[SourceVersion "1"]
[SourceVersionDate "2023.10.10"]
[SourceQuality "1"]
[WhiteTeam "Goeggingen"]
[BlackTeam "Nickelhuette Aue"]
[WhiteTeamCountry "GER"]
[BlackTeamCountry "GER"]

1. e4 c5 2. c3 Nf6 3. e5 Nd5 4. d4 cxd4 5. Qxd4 e6 6. Nf3 Nc6 7. Qe4 d6 8. c4 Nde7 9. exd6 Ng6 10. c5 Qa5+ 11. b4 Qxb4+ 12. Qxb4 Nxb4 13. Na3 b6 14. Be3 bxc5 15. Bxc5 a5 16. Rb1 Bd7 17. Nb5 Na6 18. Bb6 f6 19. Bc4 Kf7 20. Nc7 Nxc7 21. Bxc7 Nf4 22. 0-0 g5 23. Nd4 Kg6 24. g3 e5 25. gxf4 exd4 26. Rfd1 gxf4 27. Rxd4 Bh6 28. Re1 f3 29. Re7 Rad8 30. Bf7+ Kf5 31. Bxd8 Rxd8 32. Bd5 Kg6 33. Bxf3 Bf8 34. Be2 f5 35. Bc4 h6 36. Re1 Kf6 37. f4 a4 38. Rb1 h5 39. Kf2 Bh6 40. Rb7 h4 41. Bb5 Be6 42. a3 Bf8 43. Rb6 Kf7 44. Bxa4 Bg7 45. Rd3 Bh6 46. Kf3 1-0

[Event "Bundesliga 2122"]
[Site "Germany"]
[Date "2022.07.08"]
[Round "12.1"]
[White "Thiede, Lars"]
[Black "Schmittdiel, Eckhard"]
[Result "1-0"]
[WhiteElo "2400"]
[BlackElo "2402"]
[PlyCount "63"]
[EventDate "2022.03.05"]
[EventType "team-tourn"]
[EventRounds "15"]
[EventCountry "GER"]
[SourceTitle "CBM 209 Extra"]
[Source "ChessBase"]
[SourceDate "2022.09.30"]
[SourceVersion "1"]
[SourceVersionDate "2022.09.30"]
[SourceQuality "1"]
[WhiteTeam "Berlin SF"]
[BlackTeam "Augsburg"]
[WhiteTeamCountry "GER"]
[BlackTeamCountry "GER"]

1. c4 c5 2. g3 Nc6 3. Bg2 d6 4. Nc3 g6 5. a3 Bg7 6. Rb1 a5 7. Nf3 e5 8. d3 Nge7 9. 0-0 0-0 10. Bd2 h6 11. Ne1 Be6 12. Nc2 d5 13. cxd5 Nxd5 14. Ne3 Nde7 15. Na4 b6 16. b4 cxb4 17. axb4 Ra7 18. b5 Nd4 19. Nc4 Bxc4 20. dxc4 Rd7 21. e3 Ne6 22. Rb2 e4 23. Rc2 f5 24. Qe2 Qc7 25. c5 bxc5 26. Qc4 Kf7 27. Rb1 Rfd8 28. Qa2 Nd5 29. Nxc5 Nxc5 30. Bxa5 Ra8 31. Qxd5+ Rxd5 32. Bxc7 1-0

[Event "Bundesliga 2122"]
[Site "Germany"]
[Date "2022.03.05"]
[Round "1.2"]
[White "Fedorchuk, Sergey A"]
[Black "Schmittdiel, Eckhard"]
[Result "1-0"]
[WhiteElo "2604"]
[BlackElo "2402"]
[PlyCount "125"]
[EventDate "2022.03.05"]
[EventType "team-tourn"]
[EventRounds "15"]
[EventCountry "GER"]
[SourceTitle "EXT 2023"]
[Source "ChessBase"]
[SourceDate "2022.10.05"]
[SourceVersion "1"]
[SourceVersionDate "2022.10.05"]
[SourceQuality "1"]
[WhiteTeam "Viernheim"]
[BlackTeam "Augsburg"]
[WhiteTeamCountry "GER"]
[BlackTeamCountry "GER"]

1. e4 e6 2. d4 d5 3. Nd2 f5 4. exf5 exf5 5. Ndf3 Bd6 6. Bg5 Nf6 7. Qe2+ Qe7 8. Bxf6 gxf6 9. 0-0-0 Qxe2 10. Nxe2 Nc6 11. g3 Ne7 12. Ne1 Ng6 13. Ng2 c6 14. h4 h5 15. Nef4 Nxf4 16. Nxf4 Kf7 17. Be2 Bxf4+ 18. gxf4 Bd7 19. Rhg1 Rae8 20. Bf3 Re7 21. Kd2 Be8 22. Rde1 Rxe1 23. Rxe1 Kf8 24. Re6 Rh6 25. Be2 b6 26. Bf3 Bd7 27. Re3 Rh7 28. a4 Be8 29. a5 bxa5 30. Ra3 Rb7 31. b3 Ke7 32. Rxa5 Kd6 33. Ra6 Bf7 34. Be2 Be8 35. Bd3 Bd7 36. Ra1 Be6 37. Rg1 Rh7 38. Rg6 Ke7 39. Kc3 a5 40. Kb2 Kf7 41. Rg1 Rh8 42. Be2 Ke7 43. Kc3 Bf7 44. Bd3 Rg8 45. Rxg8 Bxg8 46. Bxf5 Be6 47. Bg6 Bg4 48. b4 axb4+ 49. Kxb4 Kd6 50. Kc3 c5 51. Kd3 c4+ 52. Ke3 Ke6 53. c3 Bd1 54. f3 f5 55. Bxh5 Ba4 56. Kd2 Kf6 57. Kc1 Kg7 58. Kb2 Bd1 59. Ka3 Kh6 60. Be8 Bxf3 61. Kb4 Bh5 62. Bxh5 Kxh5 63. Kc5 1-0

[Event "Heusenstamm Sparkassen op-A 6th"]
[Site "Heusenstamm"]
[Date "2019.11.24"]
[Round "6"]
[White "Schmittdiel, Eckhard"]
[Black "Euler, Gerd"]
[Result "1/2-1/2"]
[WhiteElo "2412"]
[BlackElo "2270"]
[PlyCount "73"]
[EventDate "2019.11.21"]
[EventType "swiss"]
[EventRounds "7"]
[EventCountry "GER"]
[SourceTitle "CBM 193 Extra"]
[Source "ChessBase"]
[SourceDate "2020.01.31"]
[SourceVersion "1"]
[SourceVersionDate "2020.01.31"]
[SourceQuality "1"]

1. Nf3 b6 2. e4 Bb7 3. Nc3 e6 4. d4 Bb4 5. Bd3 Nf6 6. e5 Ne4 7. Bxe4 Bxe4 8. 0-0 Bg6 9. a3 Bxc3 10. bxc3 Nc6 11. c4 d5 12. exd6 Qxd6 13. a4 0-0-0 14. c3 Na5 15. c5 Qd5 16. cxb6 axb6 17. Ne5 f6 18. Nxg6 hxg6 19. Re1 Rh4 20. Qe2 Rdh8 21. h3 Kd7 22. Rb1 Qf5 23. Rb5 Rxh3 24. f3 Rh1+ 25. Kf2 Rxe1 26. Kxe1 e5 27. dxe5 Rh1+ 28. Kf2 Qe6 29. Be3 fxe5 30. Qd3+ Kc8 31. Qe4 Nc6 32. c4 Qd6 33. Qd5 Qf6 34. Qe4 Qd6 35. Qd5 Qf6 36. Qe4 Rh4 37. Qd5 1/2-1/2

[Event "Heusenstamm Sparkassen op-A 6th"]
[Site "Heusenstamm"]
[Date "2019.11.22"]
[Round "2"]
[White "Schmittdiel, Eckhard"]
[Black "Boder, Jan"]
[Result "0-1"]
[WhiteElo "2412"]
[BlackElo "2067"]
[PlyCount "130"]
[EventDate "2019.11.21"]
[EventType "swiss"]
[EventRounds "7"]
[EventCountry "GER"]
[SourceTitle "CBM 193 Extra"]
[Source "ChessBase"]
[SourceDate "2020.01.31"]
[SourceVersion "1"]
[SourceVersionDate "2020.01.31"]
[SourceQuality "1"]

1. Nf3 c5 2. g3 g6 3. Bg2 Bg7 4. 0-0 Nc6 5. c4 d6 6. Nc3 e5 7. Ne1 Be6 8. Nd5 Nge7 9. a3 0-0 10. d3 Rb8 11. Bg5 h6 12. Bf6 Bxd5 13. Bxe7 Nxe7 14. cxd5 b5 15. e4 a5 16. b3 f5 17. Bh3 g5 18. Nc2 Qe8 19. b4 cxb4 20. axb4 a4 21. Rc1 h5 22. Na3 g4 23. Bg2 f4 24. Re1 Qd8 25. f3 Qb6+ 26. Kh1 fxg3 27. fxg4 h4 28. g5 Rf2 29. Rc2 Ng6 30. Rxf2 gxf2 31. Rf1 Nf4 32. Qg4 Rf8 33. Qxh4 Qe3 34. Qg3 Qxg3 35. hxg3 Nxd3 36. Rb1 Ne1 37. Kh2 f1Q 38. Bxf1 Rxf1 39. Kh3 Nc2 40. Rxf1 Nxa3 41. Rf2 Kh7 42. Kg2 Kg6 43. Kf1 Nc4 44. Ke2 a3 45. Kd3 Kxg5 46. Rf7 Bh6 47. Kc3 Kg4 48. Kb3 Be3 49. Rb7 Bb6 50. Rg7+ Kf3 51. g4 Kxe4 52. Rf7 Be3 53. Rb7 Kxd5 54. Rxb5+ Kd4 55. Rb8 d5 56. Rg8 e4 57. g5 Bf4 58. g6 e3 59. Re8 Bh6 60. Re7 Nd2+ 61. Kxa3 Ne4 62. g7 Bxg7 63. Rxg7 e2 64. Rg1 Ke3 65. b5 d4 0-1

[Event "Bundesliga 1819"]
[Site "Germany"]
[Date "2019.03.03"]
[Round "11.7"]
[White "Seyb, Alexander"]
[Black "Schmittdiel, Eckhard"]
[Result "1/2-1/2"]
[WhiteElo "2416"]
[BlackElo "2436"]
[PlyCount "129"]
[EventDate "2018.11.10"]
[EventType "team-tourn"]
[EventRounds "15"]
[EventCountry "GER"]
[SourceTitle "CBM 189 Extra"]
[Source "ChessBase"]
[SourceDate "2019.06.03"]
[SourceVersion "1"]
[SourceVersionDate "2019.06.03"]
[SourceQuality "1"]
[WhiteTeam "Berlin SF"]
[BlackTeam "Augsburg"]
[WhiteTeamCountry "GER"]
[BlackTeamCountry "GER"]

1. e4 c5 2. Nf3 Nc6 3. d4 cxd4 4. Nxd4 e5 5. Nb5 d6 6. N1c3 a6 7. Na3 b5 8. Nd5 Be7 9. c4 b4 10. Nc2 a5 11. Bd3 Nf6 12. 0-0 0-0 13. b3 Nd7 14. a3 Nc5 15. Nce3 bxa3 16. Rxa3 Rb8 17. Bc2 Bg5 18. Bd2 Be6 19. Bc3 Nb4 20. Qe2 Rb7 21. Rfa1 Bxe3 22. Nxe3 Qb8 23. Bxb4 axb4 24. Ra5 Qc7 25. Nd1 g6 26. f3 Kg7 27. Nf2 Rfb8 28. Nd3 f6 29. Qe3 Nxd3 30. Bxd3 Bf7 31. g3 Rc8 32. Kf2 Qe7 33. Ra6 Be8 34. Bf1 Rc6 35. Ra8 Bd7 36. Qd2 Be6 37. R1a4 Rcb6 38. Bd3 Qc7 39. Qe3 Qc5 40. R8a5 Qxe3+ 41. Kxe3 Bd7 42. Ra1 Kf7 43. f4 Rc7 44. Be2 Ke7 45. Ra8 Bc8 46. h4 Kf7 47. Bf3 Ke7 48. h5 gxh5 49. Rh1 Ra6 50. Rb8 Ra3 51. Rxb4 Rb7 52. Rxb7+ Bxb7 53. Rb1 Ra2 54. Bxh5 Rg2 55. fxe5 fxe5 56. Kf3 Rc2 57. Re1 Rb2 58. Re3 Bc6 59. Bg4 Be8 60. Bf5 h5 61. Rd3 Bf7 62. Bh3 Be6 63. Bf5 Bf7 64. Bh3 Be6 65. Bf5 1/2-1/2

[Event "BL2-Ost 1718"]
[Site "Germany"]
[Date "2018.02.03"]
[Round "7.6"]
[White "Bade, Joern"]
[Black "Schmittdiel, Eckhard"]
[Result "1/2-1/2"]
[WhiteElo "2289"]
[BlackElo "2458"]
[PlyCount "98"]
[EventDate "2017.10.21"]
[EventType "team-tourn"]
[EventRounds "10"]
[EventCountry "GER"]
[SourceTitle "CBM 183 Extra"]
[Source "ChessBase"]
[SourceDate "2018.04.19"]
[SourceVersion "1"]
[SourceVersionDate "2018.04.19"]
[SourceQuality "1"]
[WhiteTeam "Forchheim"]
[BlackTeam "Augsburg"]
[WhiteTeamCountry "GER"]
[BlackTeamCountry "GER"]

1. e4 c5 2. b3 d6 3. Bb2 Nc6 4. f4 Nf6 5. e5 Nd5 6. Qf3 e6 7. Qg3 g6 8. exd6 Nd4 9. Nc3 Nxc3 10. Qxc3 Qxd6 11. Bb5+ Bd7 12. Bxd7+ Kxd7 13. Ne2 Bg7 14. Qd3 Rac8 15. Ng3 f5 16. Bxd4 Bxd4 17. c3 Bf6 18. Qxd6+ Kxd6 19. Nf1 g5 20. fxg5 Bxg5 21. Ne3 Bxe3 22. dxe3 Ke5 23. Ke2 c4 24. b4 Rcd8 25. Rad1 Ke4 26. Rd4+ Rxd4 27. exd4 Rg8 28. g3 f4 29. Re1 fxg3 30. hxg3 Rxg3 31. Kd2+ Kd5 32. Re5+ Kd6 33. Rh5 Rg2+ 34. Kc1 Rxa2 35. Rxh7 Kd5 36. Rxb7 Ke4 37. Rh7 Re2 38. Kd1 Kd3 39. Rxa7 Rg2 40. Kc1 Kxc3 41. Ra3+ Kxd4 42. b5 c3 43. Ra8 Kc4 44. b6 Kb3 45. Rd8 Rg1+ 46. Rd1 Rg7 47. Re1 e5 48. b7 Rxb7 49. Rxe5 Rh7 1/2-1/2

[Event "BL2-Ost 1718"]
[Site "Germany"]
[Date "2017.12.09"]
[Round "5.6"]
[White "Schmittdiel, Eckhard"]
[Black "Andre, Gordon"]
[Result "1/2-1/2"]
[WhiteElo "2458"]
[BlackElo "2270"]
[PlyCount "98"]
[EventDate "2017.10.21"]
[EventType "team-tourn"]
[EventRounds "10"]
[EventCountry "GER"]
[SourceTitle "CBM 183 Extra"]
[Source "ChessBase"]
[SourceDate "2018.04.19"]
[SourceVersion "1"]
[SourceVersionDate "2018.04.19"]
[SourceQuality "1"]
[WhiteTeam "Augsburg"]
[BlackTeam "Magdeburg Aufbau Elbe"]
[WhiteTeamCountry "GER"]
[BlackTeamCountry "GER"]

1. c4 Nf6 2. d3 c6 3. Bg5 d5 4. Bxf6 exf6 5. Nd2 dxc4 6. Nxc4 Bb4+ 7. Nd2 0-0 8. a3 Ba5 9. Ngf3 Re8 10. Qc2 Bg4 11. e3 Nd7 12. Be2 Qe7 13. 0-0 Ne5 14. Nc4 Bxf3 15. Nxa5 Bxe2 16. Qxe2 Rad8 17. d4 Ng6 18. Qc2 f5 19. g3 f4 20. exf4 Qd7 21. f5 Ne7 22. f6 Nf5 23. Nb3 g6 24. Rae1 Qd6 25. Qc5 Qxf6 26. Qxa7 Rxe1 27. Rxe1 Nxd4 28. Nxd4 Rxd4 29. Qxb7 Rd2 30. Qb8+ Kg7 31. Qe5 Rxb2 32. Qxf6+ Kxf6 33. Re3 Ra2 34. h3 c5 35. Kf1 c4 36. Ke1 h5 37. h4 Kf5 38. f4 f6 39. Kd1 Rb2 40. Kc1 Rb6 41. Kc2 Ra6 42. Kb2 Kg4 43. Rc3 Kh3 44. Kc1 Kg2 45. Kb2 Kf2 46. Kc1 f5 47. Kc2 Ke2 48. Kb2 Rb6+ 49. Kc2 Ra6 1/2-1/2

[Event "BL2-Ost 1718"]
[Site "Germany"]
[Date "2017.10.22"]
[Round "2.6"]
[White "Koepke, Christian"]
[Black "Schmittdiel, Eckhard"]
[Result "1-0"]
[WhiteElo "2290"]
[BlackElo "2458"]
[PlyCount "65"]
[EventDate "2017.10.21"]
[EventType "team-tourn"]
[EventRounds "10"]
[EventCountry "GER"]
[SourceTitle "CBM 183 Extra"]
[Source "ChessBase"]
[SourceDate "2018.04.19"]
[SourceVersion "1"]
[SourceVersionDate "2018.04.19"]
[SourceQuality "1"]
[WhiteTeam "Garching"]
[BlackTeam "Augsburg"]
[WhiteTeamCountry "GER"]
[BlackTeamCountry "GER"]

1. e4 c5 2. Nf3 e6 3. d4 cxd4 4. Nxd4 Nf6 5. Nc3 Nc6 6. Ndb5 d6 7. Bf4 e5 8. Bg5 a6 9. Na3 b5 10. Bxf6 gxf6 11. Nd5 Bg7 12. Bd3 Ne7 13. Nxe7 Qxe7 14. 0-0 f5 15. c4 0-0 16. Qh5 bxc4 17. Nxc4 d5 18. exd5 e4 19. Be2 Rb8 20. Rad1 Qc5 21. b3 a5 22. Ne3 f4 23. Nf5 Qc3 24. Qg5 Bxf5 25. Qxf5 Qc2 26. Bf3 Rfe8 27. Rc1 Qxa2 28. Bxe4 Qxb3 29. Rc7 Qb2 30. Qxf7+ Kh8 31. Qf5 Kg8 32. Qxh7+ Kf8 33. d6 1-0

[Event "BL2-Ost 1617"]
[Site "Germany"]
[Date "2017.03.19"]
[Round "9.6"]
[White "Hellmayr, Alois"]
[Black "Schmittdiel, Eckhard"]
[Result "1/2-1/2"]
[WhiteElo "2252"]
[BlackElo "2444"]
[PlyCount "58"]
[EventDate "2016.10.14"]
[EventType "team-tourn"]
[EventRounds "10"]
[EventCountry "GER"]
[SourceTitle "CBM 177 Extra"]
[Source "ChessBase"]
[SourceDate "2017.04.27"]
[SourceVersion "1"]
[SourceVersionDate "2017.04.27"]
[SourceQuality "1"]
[WhiteTeam "Passau"]
[BlackTeam "Goeggingen"]
[WhiteTeamCountry "GER"]
[BlackTeamCountry "GER"]

1. Nf3 c5 2. g3 d6 3. d4 cxd4 4. Nxd4 d5 5. Bg2 e5 6. Nb3 Ne7 7. c4 dxc4 8. Qxd8+ Kxd8 9. Na5 Nec6 10. Nxc4 Bb4+ 11. Bd2 Bxd2+ 12. Nbxd2 Ke7 13. 0-0 f6 14. Rac1 Rd8 15. Nb3 Bg4 16. Rfe1 Be6 17. Nc5 Bxc4 18. Rxc4 Rd2 19. b4 b5 20. Rc3 a5 21. Nb3 Rd6 22. bxa5 Ra7 23. Rc5 Nxa5 24. Rxb5 Nac6 25. Rc1 Rxa2 26. Rb7+ Kf8 27. Rc7 Rb2 28. Bxc6 Rxc6 29. R1xc6 Nxc6 1/2-1/2

[Event "BL2-Ost 1617"]
[Site "Germany"]
[Date "2017.03.19"]
[Round "10.6"]
[White "Schmittdiel, Eckhard"]
[Black "Schmitz, Thorsten"]
[Result "1-0"]
[WhiteElo "2444"]
[BlackElo "2308"]
[PlyCount "77"]
[EventDate "2016.10.14"]
[EventType "team-tourn"]
[EventRounds "10"]
[EventCountry "GER"]
[SourceTitle "CBM 177 Extra"]
[Source "ChessBase"]
[SourceDate "2017.04.27"]
[SourceVersion "1"]
[SourceVersionDate "2017.04.27"]
[SourceQuality "1"]
[WhiteTeam "Goeggingen"]
[BlackTeam "Garching"]
[WhiteTeamCountry "GER"]
[BlackTeamCountry "GER"]

1. e4 e5 2. Nf3 d6 3. Bc4 Nf6 4. d3 Be7 5. Nc3 0-0 6. a3 c6 7. Bg5 Nbd7 8. 0-0 d5 9. exd5 cxd5 10. Ba2 d4 11. Ne2 h6 12. Bd2 Bd6 13. Ng3 Nc5 14. Re1 Re8 15. b4 Na4 16. Bb3 Nc3 17. Bxc3 dxc3 18. d4 e4 19. Ne5 Be6 20. Ba4 Re7 21. Nxe4 Nxe4 22. Rxe4 a5 23. b5 Bd5 24. Re3 Qc7 25. Qh5 Bxe5 26. Rxe5 Rxe5 27. Qxe5 Qxe5 28. dxe5 Re8 29. f4 g5 30. Rd1 Ba2 31. g3 gxf4 32. gxf4 f6 33. b6 Re7 34. Rd7 Rxd7 35. Bxd7 Bb3 36. Bf5 Bd5 37. Kf2 Kf7 38. Ke3 fxe5 39. fxe5 1-0

[Event "BL2-Ost 1617"]
[Site "Germany"]
[Date "2016.11.20"]
[Round "4.6"]
[White "Schulz, Lukas"]
[Black "Schmittdiel, Eckhard"]
[Result "0-1"]
[WhiteElo "2138"]
[BlackElo "2444"]
[PlyCount "60"]
[EventDate "2016.10.14"]
[EventType "team-tourn"]
[EventRounds "10"]
[EventCountry "GER"]
[SourceTitle "CBM 177 Extra"]
[Source "ChessBase"]
[SourceDate "2017.04.27"]
[SourceVersion "1"]
[SourceVersionDate "2017.04.27"]
[SourceQuality "1"]
[WhiteTeam "Forchheim"]
[BlackTeam "Goeggingen"]
[WhiteTeamCountry "GER"]
[BlackTeamCountry "GER"]

1. e4 c5 2. Nf3 Nc6 3. Nc3 e5 4. Bc4 Be7 5. a4 d6 6. d3 Nf6 7. Nd5 0-0 8. c3 Nxd5 9. Bxd5 Kh8 10. Bd2 f5 11. Qc1 f4 12. b4 cxb4 13. cxb4 Bg4 14. b5 Bxf3 15. bxc6 bxc6 16. gxf3 cxd5 17. exd5 Rc8 18. Qb2 Bf6 19. Bc3 Rc5 20. Rb1 Rxd5 21. Ke2 Qc8 22. Qb3 Rc5 23. Bb4 Rc2+ 24. Bd2 Bh4 25. Rhc1 Qc5 26. d4 Qxd4 27. Rxc2 Qxf2+ 28. Kd3 Qxf3+ 29. Kc4 Qe4+ 30. Kb5 Qb7+ 0-1

[Event "Dortmund Sparkassen op-A 44th"]
[Site "Dortmund"]
[Date "2016.07.17"]
[Round "9"]
[White "Schmittdiel, Eckhard"]
[Black "Dann, Matthias"]
[Result "1-0"]
[WhiteElo "2449"]
[BlackElo "2482"]
[PlyCount "79"]
[EventDate "2016.07.09"]
[EventType "swiss"]
[EventRounds "9"]
[EventCountry "GER"]
[SourceTitle "CBM 173 Extra"]
[Source "ChessBase"]
[SourceDate "2016.08.29"]
[SourceVersion "1"]
[SourceVersionDate "2016.08.29"]
[SourceQuality "1"]

1. e4 c5 2. Nf3 d6 3. Bb5+ Nd7 4. c3 Ngf6 5. Qe2 a6 6. Ba4 b5 7. Bc2 Bb7 8. d4 cxd4 9. cxd4 Rc8 10. 0-0 e6 11. a3 Rxc2 12. Qxc2 Bxe4 13. Qe2 Be7 14. Nc3 Bb7 15. Re1 0-0 16. Bg5 h6 17. Bh4 Qa8 18. Rac1 Re8 19. Qd3 Bf8 20. Bxf6 Nxf6 21. Ne2 Nd5 22. Nd2 f5 23. Nb3 Nb6 24. Nf4 e5 25. Nh5 Be4 26. Qg3 Re6 27. dxe5 Kh8 28. Nf4 Rxe5 29. Ng6+ Kh7 30. Nxe5 dxe5 31. Nc5 f4 32. Qg4 Bg6 33. Qe6 Nc4 34. Nd7 Qd8 35. h4 f3 36. h5 Bd3 37. Rc3 Be2 38. Qf5+ Kg8 39. Qxf8+ Qxf8 40. Nxf8 1-0

[Event "Dortmund Sparkassen op-A 44th"]
[Site "Dortmund"]
[Date "2016.07.15"]
[Round "7"]
[White "Schmittdiel, Eckhard"]
[Black "Zolfagharian, Kevin"]
[Result "1-0"]
[WhiteElo "2449"]
[BlackElo "2130"]
[PlyCount "65"]
[EventDate "2016.07.09"]
[EventType "swiss"]
[EventRounds "9"]
[EventCountry "GER"]
[SourceTitle "CBM 173 Extra"]
[Source "ChessBase"]
[SourceDate "2016.08.29"]
[SourceVersion "1"]
[SourceVersionDate "2016.08.29"]
[SourceQuality "1"]

1. e4 c5 2. Nf3 Nc6 3. Bb5 g6 4. 0-0 Bg7 5. Bxc6 bxc6 6. e5 Nh6 7. b3 0-0 8. Bb2 d5 9. h3 Qc7 10. Re1 f6 11. exf6 Bxf6 12. Bxf6 Rxf6 13. d3 Nf7 14. Nc3 e5 15. Na4 Qd6 16. Qe2 Bd7 17. Nxe5 Re8 18. f4 Rxf4 19. Nxf7 Rxf7 20. Qd2 Ref8 21. Rf1 Qe5 22. c3 d4 23. Rxf7 Rxf7 24. c4 Bxh3 25. Re1 Kg7 26. gxh3 Rf3 27. Re2 Qg3+ 28. Rg2 Qxh3 29. Nxc5 Qf5 30. Qg5 Qf7 31. Qe5+ Kg8 32. Ne6 h5 33. Qb8+ 1-0